|
|
|
|
| LEADER |
00000cam a2200000 7i4500 |
| 001 |
0000030352 |
| 005 |
20241203.0 |
| 008 |
230911 enka eng |
| 020 |
|
|
|a 9781032092386 (pbk)
|
| 040 |
|
|
|a INS
|b eng
|e rda
|
| 090 |
0 |
0 |
|a TS155
|b F334 2021
|
| 245 |
0 |
0 |
|a Facilities management models, methods and tools :
|b research results for practice
|c edited by Per Anker Jensen
|
| 250 |
|
|
|a First edition
|
| 264 |
|
1 |
|a London :
|b Routledge, Taylor & Francis Group
|c 2021
|
| 264 |
|
4 |
|c ©2019
|
| 300 |
|
|
|a xxii, 334 pages :
|b illustrations ;
|c 24 cm.
|
| 336 |
|
|
|a text
|2 rdacontent
|
| 337 |
|
|
|a unmediated
|2 rdamedia
|
| 338 |
|
|
|a volume
|2 rdacarrier
|
| 500 |
|
|
|a Includes index
|
| 650 |
|
0 |
|a Facility management
|
| 700 |
1 |
|
|a Jensen, Per Anker ,
|e editor
|
| 999 |
|
|
|a 1000004674
|b BOOK
|c Open Shelf
|e Default branch
|